Soils in Construction / (Record no. 2202)

MARC details
000 -LEADER
fixed length control field 00847nac a22002531u 4500
008 - FIXED-LENGTH DATA ELEMENTS--GENERAL INFORMATION
fixed length control field 100907t xxu||||| |||| 00| 0 eng d
010 ## - LIBRARY OF CONGRESS CONTROL NUMBER
LC control number 2003051758
020 ## - INTERNATIONAL STANDARD BOOK NUMBER
International Standard Book Number 0130489174
082 00 - DEWEY DECIMAL CLASSIFICATION NUMBER
Classification number 624.15136
Item number SCH
100 ## - MAIN ENTRY--PERSONAL NAME
Personal name Schroeder, W. L.
9 (RLIN) 18530
245 10 - TITLE STATEMENT
Title Soils in Construction /
Statement of responsibility, etc W.L. Schroeder, S.E. Dickenson, Don C. Warrington.
250 ## - EDITION STATEMENT
Edition statement 5th ed.
260 ## - PUBLICATION, DISTRIBUTION, ETC. (IMPRINT)
Place of publication, distribution, etc Upper Saddle River, N.J. :
Name of publisher, distributor, etc Pearson/Prentice Hall,2004
Date of publication, distribution, etc 2004.
300 ## - PHYSICAL DESCRIPTION
Extent x, 358 p. :
Other physical details ill. ;
Dimensions 25 cm.
504 ## - BIBLIOGRAPHY, ETC. NOTE
Bibliography, etc Includes bibliographical references and index.
650 #0 - SUBJECT ADDED ENTRY--TOPICAL TERM
Topical term or geographic name as entry element Soil mechanics.
9 (RLIN) 18531
650 #0 - SUBJECT ADDED ENTRY--TOPICAL TERM
Topical term or geographic name as entry element Foundations.
9 (RLIN) 18532
650 #0 - SUBJECT ADDED ENTRY--TOPICAL TERM
Topical term or geographic name as entry element Building.
9 (RLIN) 18533
653 ## - INDEX TERM--UNCONTROLLED
Resource For college
Arrived date list November2013
655 ## - INDEX TERM--GENRE/FORM
Form subdivision
-- 34232
700 1# - ADDED ENTRY--PERSONAL NAME
Personal name Dickenson, S. E.
9 (RLIN) 18534
700 1# - ADDED ENTRY--PERSONAL NAME
Personal name Warrington, Don C.
9 (RLIN) 18535
942 ## - ADDED ENTRY ELEMENTS (KOHA)
Item type Book - Borrowing
Call number prefix 624.15136 SCH
Source of classification or shelving scheme Dewey Decimal Classification
Holdings
Withdrawn status Item status Source of classification or shelving scheme Damaged status Not for loan Vendor Home library Current library Shelving location Date acquired Source of acquisition Cost, normal purchase price Total Checkouts Total Renewals Full call number Barcode Date last seen Date last borrowed Cost, replacement price Koha item type
    Dewey Decimal Classification       Central Library Central Library First floor 07/09/2010   450.00 4 2 624.15136 SCH 000002047 15/07/2025 14/03/2012 562.50 Book - Borrowing
    Dewey Decimal Classification     Baccah Central Library Central Library First floor 02/11/2013   450.00 1   624.15136 SCH 000029586 15/07/2025 06/11/2016 562.50 Book - Borrowing